Statistics for Logo Quiz 1 Difficulty: Medium

Click here to take the quiz!

General Stats

  • This quiz has been taken 286 times
  • The average score is 26 of 64

Answer Stats

Answer% Correct
McDonald's
96%
Pepsi
96%
Netflix
93%
Toyota
91%
Wikipedia
89%
Facebook
88%
Youtube
87%
XBOX
86%
Microsoft
77%
Nike
76%
Android
72%
Olympics
70%
Skype
69%
Spotify
68%
Google
66%
Walmart
63%
E!
62%
Burger King
59%
Ironman
59%
Wii
55%
Rockstar
54%
Tumblr
52%
Hulu
50%
Wilson
50%
Playstation
49%
History Channel
47%
Umbro
44%
Wii Sports
44%
Rolls Royce
43%
IHOP
41%
Sesame Street
40%
Vodafone
37%
HBO
36%
Gulf
34%
Verizon
33%
Ebay
31%
Pillsbury
31%
Wendy's
31%
Chevron
29%
Sprint
28%
Mattel
22%
Wordpress
21%
Yelp
21%
Napster
20%
Walgreens
19%
Sams Club
18%
Avast
17%
Polaroid
13%
Sims
13%
Husqvarna
12%
Winamp
12%
Telemundo
11%
Apple Computer
10%
Maersk
10%
Reuters
9%
Univision
9%
Galp
8%
Chubu
6%
Ketnet
6%
Solaris
6%
Sprout
6%
Google Inbox
5%
Lowe Roche
5%
Korean Central Channel
4%

Score Distribution

Percentile by Number Answered

Percent of People with Each Score

Your Score History

You have not taken this quiz